000 01457nam0a2200373 4500
001 RU\NLR\bibl\1355088
005 20250615175100.0
010 _a978-5-486-02696-6
_910000
021 _aRU
_b2009-10569
_9619
035 _a(nilc)RSL-KNO-004250885
035 _a(NLR Aleph) 001340140
090 _a855528
_c855528
100 _a20090302d2008 |||y0rusy50 ca
101 0 _arus
102 _aRU
105 _aa |||||||||
200 1 _aАх, какие ножки!
_f[Е. А. Ульянина]
210 _aМосква
_cМир книги
_d2008
215 _a191 с., [4] л. цв. ил.
_cил.
_d21
225 1 _a1001 секрет красоты
300 _aАвт. указан в вып.дан.
606 1 _aНижние конечности
_xУход за ними
_91795372
_3RU\NLR\auth\66808378
606 1 _aНижние конечности
_xБолезни
_91017963
_3RU\NLR\auth\6670867
610 0 _aЗдравоохранение. Медицинские науки -- Общая гигиена -- Личная гигиена и гигиена быта -- Популярные энциклопедии
686 _aР120.4я90
_2rubbk
686 _aР120.4
686 _aР457.865
700 1 _aУльянина
_bЕ. А.
_gЕлена Анатольевна
_4070
801 0 _aRU
_bРКП
_c20090302
_grcr
801 1 _aRU
_bРГБ
_c20090302
801 2 _aRU
_bNLR
_c20090410
_grcr
942 _cBOOK
980 _aNB